000 00401nam a2200157Ia 4500
999 _c14253
_d14253
003 OSt
005 20260411115146.0
008 260210s9999 xx 000 0 und d
020 _a9788499366623
082 _a721.044
100 _a David Andreu Bach
245 0 _aContainer Architecture: Modular, Pre fab, Affordable, Movable and
260 _bBooq Publishing
260 _c2023
942 _cUG
_2ddc